Maths Questions [Easy Rating 0.3] - Statistics

General Stats
  • This quiz has been taken 254 times
  • The average score is 15 of 15
Answer Stats
Question Answer % Correct
2x3 6
100%
5+2 7
99%
2x5 10
98%
5x3 15
98%
8+11 19
98%
4+4 8
98%
26/2 13
97%
20-4 16
97%
4x4 16
97%
9x2 18
97%
10/5 2
97%
5x4 20
97%
15/5 3
97%
12/3 4
97%
3x3 9
97%
No matching quizzes found
Score Distribution
Percent of People with Each Score
Percentile by Number Answered
Your Score History
You have not taken this quiz